000 00353nam a2200133 a 4500
005 20140412111416.0
008 070926s19uu xx 00 eng d
020 _a1-8651-5517-9
050 _aTR(GS 372.7
_bM75
245 _aMore fun with maths /
_cCompiled by John Drinkwater.
260 _aU.K :
_bLadybird books.
300 _a24p.
999 _c105857
_d105857